Boundary disputes in England and Wales, (Record no. 121264)
[ view plain ]
| 000 -LEADER | |
|---|---|
| fixed length control field | 01211nam a22002537a 4500 |
| 001 - CONTROL NUMBER | |
| control field | 121264 |
| 008 - FIXED-LENGTH DATA ELEMENTS--GENERAL INFORMATION | |
| fixed length control field | 141222s2021 xxk|||||o|||| 00| 0 eng d |
| 041 ## - LANGUAGE CODE | |
| Language code of text/sound track or separate title | eng |
| 110 ## - MAIN ENTRY--CORPORATE NAME | |
| Corporate author | Royal Institution of Chartered Surveyors |
| 245 ## - TITLE STATEMENT | |
| Title | Boundary disputes in England and Wales, |
| Subtitle | A clear impartial guide, |
| Statement of responsibility, etc | RICS Consumer Guide |
| Medium | [Electronic resource] |
| 260 ## - PUBLICATION INFORMATION | |
| Place of publication | London, |
| Publisher | Royal Institution of Chartered Surveyors, |
| Date | December 2021 |
| 300 ## - PHYSICAL DESCRIPTION | |
| Physical description | 14p |
| 490 ## - SERIES TITLE | |
| Series statement | RICS Consumer Guide |
| 520 ## - ABSTRACT | |
| Abstract | This guide, aimed at home owners, will help them understand the basics of boundaries, and how to avoid some of the potential pitfalls when dealing with them. Discusses shared boundaries, RICS Boundary Disputes Mediation Service, how to find a surveyor to help with a boundary dispute. |
| 610 #0 - SUBJECT ADDED ENTRY--CORPORATE NAME | |
| 9 (RLIN) | 4900 |
| Corporate name or jurisdiction name as entry element | Royal Institution of Chartered Surveyors |
| 650 ## - KEYWORDS | |
| Keywords | Boundary Disputes |
| 650 ## - KEYWORDS | |
| Keywords | Neighbour issues |
| 650 ## - KEYWORDS | |
| Keywords | Boundaries |
| 651 ## - SUBJECT ADDED ENTRY--GEOGRAPHIC NAME | |
| Geographic name | United Kingdom |
| 690 ## - BROAD SUBJECT | |
| 9 (RLIN) | 6221 |
| Broad subject | Boundary disputes |
| 710 ## - ADDED CORPORATE NAME | |
| Added corporate author | Royal Institution of Chartered Surveyors |
| 856 ## - ONLINE RESOURCE | |
| Uniform Resource Identifier | <a href="https://www.ricsfirms.com/media/1283/boundary_disputes-consumer_guide-2021.pdf">https://www.ricsfirms.com/media/1283/boundary_disputes-consumer_guide-2021.pdf</a> |
| Public note | Available free on RICS.org |
| 942 ## - ADDED ENTRY ELEMENTS (KOHA) | |
| Suppress in OPAC | Do not suppress in OPAC |
| Lost status | Damaged status | Not for loan | Home library | Current library | Date acquired | Total Checkouts | Date last seen | Price effective from | Koha item type |
|---|---|---|---|---|---|---|---|---|---|
| Virtual | Virtual | 14/12/2022 | 14/12/2022 | 14/12/2022 | Online material |